000 02011 a2200229 4500
001 11503
003 IN-BhIIT
005 20260617170844.0
008 260617b |||||||| |||| 00| 0 eng d
020 _a9789356995314 (pbk.)
040 _aIN-BhIIT
041 _aeng
082 _a823.009
_bPAR/E
100 _aPariat, Janice
_eAuthor
_927585
245 _aEverything the light touches /
_cJanice Pariat
260 _aHaryana :
_bHarper collins ,
_c2023.
300 _a491 p. :
_bill. ;
_c22 cm.
504 _aIncludes bibliographical references and index.
520 _aIn Everything the Light Touches we meet many travellers: Shai, a young Indian woman who journeys to India's northeast and rediscovers, through her encounters with indigenous communities, ways of living that realign and renew her. Evelyn, an Edwardian student at Cambridge who, inspired by Goethe's botanical writings, embarks on a journey seeking out the sacred forests of the Lower Himalayas. Linnaeus, botanist and taxonomist, who famously declared "God creates; Linnaeus organizes" and led an expedition to Lapland in 1732. And Goethe himself, who travelled through Italy in the 1780s,formulating his ideas for a revelatory text that called for a re-examination of our propensity to reduce plants - and the world - into immutable parts. Drawing richly from scientific ideas, the novel plunges into a whirl of ever-expanding themes, and the contrasts between modern India and its colonial past, urban life and the countryside, capitalism and centuries-old traditions of generosity and gratitude, script and "song and stone." At the heart of the book lies a tussle between different ways of seeing - those that fix and categorize, and those that free and unify. Everything the Light Touches brings together, with startling and playful novelty, people and places that seem, at first, removed from each other in time and place. Yet all is resonance, we discover; all is connection.
650 _aHistorical fiction
942 _cGEN
999 _c15559
_d15559